- Bowlby, John,
Entry Nombre Personal
001 - NUMERO DE CONTROL
- campo de control: 35522
003 - IDENTIFICADOR DE NUMERO DE CONTROL
- campo de control: DLC
005 - FECHA Y HORA DE LA ÜLTIMA TRANSACCIÓN
- campo de control: 20220502132706.0
008 - DATOS DE LONGITUD FIJA
- campo de control de longitud fija: 220502n| azannaabn |b aaa
010 ## - NÚMERO DE CONTROL DE LA BIBLIOTECA DEL CONGRESO
- Número de control LC: n 80060594
035 ## - NUMERO DE CONTROL
- Número de control: (OCoLC)oca00442287
040 ## - FUENTE DE CATALOGACIÓN
- Agencia original de catalogación: DLC
- Lenguaje de catalogación: spa
- Description conventions: rda
- Agencia de transcripción: DLC
- Agencia que lo modifica: NjR
- Agencia que lo modifica: SaPrUSA
- Agencia que lo modifica: OCoLC
- Agencia que lo modifica: IEN
- Agencia que lo modifica: DNLM
- Agencia que lo modifica: MX-MxUPN
046 ## - FECHAS CON CODIFICACIÓN ESPECIAL
- Fecha de nacimiento: 1907
- Fecha de muerte: 1990
100 1# - ENCABEZAMIENTO - NOMBRE PERSONAL
- Nombre personal: Bowlby, John,
- Fechas asociadas con el nombre: 1907-1990
378 ## - FORMA COMPLETA DE NOMBRE PERSONAL
- Fuller form of personal name: Edward John Mostyn
400 1# - VEÁSE - NOMBRE DE PERSONA
- Personal name: Bowlby, Edward John Mostyn,
- Dates associated with a name: 1907-1990
670 ## - FUENTE EN LA QUE SE LOCALIZARON DATOS
- Cita de la fuente: War and democracy ... 1938.
670 ## - FUENTE EN LA QUE SE LOCALIZARON DATOS
- Cita de la fuente: John Bowlby, 1998:
- Información localizada: página 1 (1907-1990; co-founder of attachment theory in psychology)
670 ## - FUENTE EN LA QUE SE LOCALIZARON DATOS
- Cita de la fuente: KB online cat., June 14, 2006
- Información localizada: (hdg.: Bowlby, John, 1907-1990; usage: John Bowlby, J. Bowlby; full names: Edward John Mostyn Bowlby)
670 ## - FUENTE EN LA QUE SE LOCALIZARON DATOS
- Cita de la fuente: Info. converted from 678, 2012-10-02
- Información localizada: (b. 1907)
670 ## - FUENTE EN LA QUE SE LOCALIZARON DATOS
- Cita de la fuente: En su obra: La separación afectiva, 1985:
- Información localizada: portada (John Bowlby) cubierta posterior (John Bowlby (1907-1990) formó parte de la dirección de la Clínica Tavistock y fue consultor para la salud mental en la Organización Mundial de la Salud (OMS))
902 ## - CATALOGADOR
- Catalogador: NDAF/220502
